Lilithinu maranamilla/ (Record no. 181594)

000 -LEADER
fixed length control field 00391nam a2200157 4500
020 ## - INTERNATIONAL STANDARD BOOK NUMBER
ISBN 9789391293215
082 ## - DEWEY DECIMAL CLASSIFICATION NUMBER
Classification number M1
Item number VIJ/L
100 ## - MAIN ENTRY--AUTHOR NAME
Personal name Vijayarajamallika
245 ## - TITLE STATEMENT
Title Lilithinu maranamilla/
Statement of responsibility, etc by Vijayarajamallika
260 ## - PUBLICATION, DISTRIBUTION, ETC. (IMPRINT)
Place of publication Thrissur:
Name of publisher Ivory Books,
Year of publication 2021
300 ## - PHYSICAL DESCRIPTION
Number of Pages 71p.
650 ## - SUBJECT ADDED ENTRY--TOPICAL TERM
Topical Term Poetry Malayalam
650 ## - SUBJECT ADDED ENTRY--TOPICAL TERM
Topical Term Literature Malayalam
650 ## - SUBJECT ADDED ENTRY--TOPICAL TERM
Topical Term Literature
942 ## - ADDED ENTRY ELEMENTS (KOHA)
Koha item type Book
Holdings
Withdrawn status Lost status Damaged status Not for loan Permanent Location Current Location Shelving location Date acquired Cost, normal purchase price Full call number Accession Number Price effective from Koha item type
        Sree Sankaracharya University of Sanskrit Sree Sankaracharya University of Sanskrit Stacks 18.05.2026 100.00 M1 VIJ/L 108591 18.05.2026 Book